| 000 | 00568nam a2200181 i 4500 | ||
|---|---|---|---|
| 001 | 35963 | ||
| 003 | ES-MaACL | ||
| 005 | 20230906155247.0 | ||
| 007 | t| | ||
| 008 | 030214s1967 sp ||||1| spa d | ||
| 100 | 1 |
_aBourdeaux, P. M. _930957 |
|
| 245 | 1 | 3 |
_aLa vela / _cP. M. Bourdeaux ; con la colaboración de J. A. Derville, F. Mouvert ; [traducción de José Mª Prim]. |
| 250 | _a[1ª ed.]. | ||
| 260 |
_aBarcelona : _bJuventud, _c[1967] |
||
| 300 |
_a172 p. : _bil. ; _c22 cm. |
||
| 700 | 1 |
_aPrim, José María. _993963 |
|
| 852 |
_aES-MaACL _jC-31576 _bR.62244 |
||
| 999 |
_c35963 _d35963 |
||